BRAND POSITIONING (Record no. 8204)
[ view plain ]
| 000 -LEADER | |
|---|---|
| fixed length control field | 00337nam a2200145Ia 4500 |
| 003 - CONTROL NUMBER IDENTIFIER | |
| control field | OSt |
| 005 - DATE AND TIME OF LATEST TRANSACTION | |
| control field | 20231206071754.0 |
| 008 - FIXED-LENGTH DATA ELEMENTS--GENERAL INFORMATION | |
| fixed length control field | 170524s9999 xx 000 0 und d |
| 020 ## - INTERNATIONAL STANDARD BOOK NUMBER | |
| International Standard Book Number | 0-07-058159-2 |
| 040 ## - CATALOGING SOURCE | |
| Transcribing agency | iimt |
| 100 ## - MAIN ENTRY--PERSONAL NAME | |
| Personal name | SENGUPTA- SUBROTO |
| 245 #0 - TITLE STATEMENT | |
| Title | BRAND POSITIONING |
| 260 ## - PUBLICATION, DISTRIBUTION, ETC. | |
| Name of publisher, distributor, etc. | TATA MCGRAW HILL NEW DELHI |
| 942 ## - ADDED ENTRY ELEMENTS (KOHA) | |
| Source of classification or shelving scheme | |
| Koha item type | Book Bank |
| Withdrawn status | Lost status | Source of classification or shelving scheme | Damaged status | Not for loan | Home library | Current library | Date acquired | Barcode | Date last seen | Uniform Resource Identifier | Price effective from | Koha item type |
|---|---|---|---|---|---|---|---|---|---|---|---|---|
| IIMT University Central Library Meerut | IIMT University Central Library Meerut | 05/30/2017 | 01-B-87594 | 05/30/2017 | PRODUCTION MANAGEMENT | 05/30/2017 | Reference Book | |||||
| IIMT University Central Library Meerut | IIMT University Central Library Meerut | 05/30/2017 | 01-B-87595 | 05/30/2017 | PRODUCTION MANAGEMENT | 05/30/2017 | Book Bank | |||||
| IIMT University Central Library Meerut | IIMT University Central Library Meerut | 05/30/2017 | 01-B-87596 | 05/30/2017 | PRODUCTION MANAGEMENT | 05/30/2017 | Book Bank | |||||
| IIMT University Central Library Meerut | IIMT University Central Library Meerut | 05/30/2017 | 01-B-87597 | 05/30/2017 | PRODUCTION MANAGEMENT | 05/30/2017 | Book Bank | |||||
| IIMT University Central Library Meerut | IIMT University Central Library Meerut | 05/30/2017 | 01-B-87598 | 05/30/2017 | PRODUCTION MANAGEMENT | 05/30/2017 | Book Bank |

